Detalles MARC
| 000 -LÍDER |
| Campo fijo de descripción fija |
03852nam a2200457 i 4500 |
| 001 - NÚMERO DE CONTROL |
| Campo de control |
768714001 |
| 003 - IDENTIFICADOR DEL NÚMERO DE CONTROL |
| Campo de control |
CO-MdFUSB |
| 005 - FECHA Y HORA DE LA ULTIMA TRANSACCIÓN |
| control field |
20230915093708.0 |
| 007 - CAMPO FIJO DE DESCRIPCIÓN FIJA--INFORMACIÓN GENERAL |
| Campo fijo de descripción fija |
ta |
| 007 - CAMPO FIJO DE DESCRIPCIÓN FIJA--INFORMACIÓN GENERAL |
| Campo fijo de descripción fija |
ca aa aaaaa |
| 008 - ELEMENTOS DE LONGITUD FIJA -- INFORMACIÓN GENERAL |
| Campo fijo de descripción fija -- Información general |
170718t2011 sp ||||| |||| 00| 0 spa d |
| 020 ## - NÚMERO INTERNACIONAL NORMALIZADO PARA LIBROS |
| Número Internacional Normalizado del libro |
9788482674919 |
| Información adicional |
impreso |
| 020 ## - NÚMERO INTERNACIONAL NORMALIZADO PARA LIBROS |
| Número Internacional Normalizado del libro |
9788482677866 |
| Información adicional |
electrónico |
| 040 ## - FUENTE DE CATALOGACIÓN |
| Agencia de catalogación original |
CO-MdFUSB |
| Idioma de catalogación |
spa |
| Agencia que realiza la transcripción |
CO-MdFUSB |
| Agencia que realiza la modificación |
CO-MdFUSBC |
| Convenciones de la descripción |
rda |
| 041 0# - CÓDIGO DE IDIOMA |
| Código de idioma para texto/pista de sonido o título separado |
spa |
| 082 04 - NÚMERO DE CLASIFICACIÓN DECIMAL DEWEY |
| Número de clasificación |
221.44 |
| Número de la edición del Dewey |
23 |
| Clave de autor-Numero de item |
B8863m |
| 100 1# - ASIENTO PRINCIPAL--NOMBRE PERSONAL |
| Nombre personal |
Bruce, F. F. 1910-1990 |
| Término relacionador |
autor |
| 245 14 - TÍTULO |
| Título del Material |
Los manuscritos del Mar Muerto |
| Parte restante del título - Subtitulo |
: Qumrán en el siglo XXI |
| Mención de responsabilidad, etc. |
/ F.F. Bruce |
| Medio físico |
[Físico y electrónico] |
| 264 #4 - PRODUCCIÓN, PUBLICACIÓN, DISTRIBUCIÓN, MANUFACTURA, Y COPYRIGHT |
| Lugar de producción, publicación, distribución, manufactura |
Viladecavalls, Barcelona : |
| Nombre del productor, publicador, distribuidor |
CLIE, |
| Fecha de producción, publicación, distribución, manufactura, o copyright |
[2011] |
| 264 #4 - PRODUCCIÓN, PUBLICACIÓN, DISTRIBUCIÓN, MANUFACTURA, Y COPYRIGHT |
| Fecha de producción, publicación, distribución, manufactura, o copyright |
©2011 |
| 300 ## - DESCRIPCIÓN FÍSICA |
| Extensión |
189 páginas |
| Dimensiones |
; 23 cm |
| 336 ## - TIPO DE CONTENIDO |
| Fuente |
rdacontent |
| Término de tipo de contenido |
texto |
| Código de tipo de contenido |
txt |
| 337 ## - TIPO DE MEDIO |
| Fuente |
rdamedia |
| Nombre del tipo de medio |
sin mediación |
| Código del tipo de medio |
n |
| 337 ## - TIPO DE MEDIO |
| Fuente |
rdamedia |
| Nombre del tipo de medio |
informático |
| Código del tipo de medio |
c |
| 338 ## - TIPO DE SOPORTE |
| Fuente |
rdacarrier |
| Nombre del tipo de soporte |
volumen |
| Código Tipo de soporte |
nc |
| 338 ## - TIPO DE SOPORTE |
| Fuente |
rdacarrier |
| Nombre del tipo de soporte |
remoto |
| Código Tipo de soporte |
cr |
| 505 ## - NOTA DE CONTENIDO |
| Nota de contenido con formato preestablecido |
Los primeros descubrimientos -- Descubrimientos posteriores -- Fechando los hallazgos -- Khirbet Qumran -- Wadi Murabba'at y Khirbet Mird -- Los manuscritos y el Antiguo Testamento -- Interpretación bíblica y esperanza mesiánica -- El Maestro de justicia y sus enemigos -- Qumrán y los esenios -- Qumrán y el cristianismo -- Qumrán en el siglio XXI |
| 506 ## - NOTA DE RESTRICCIONES DE ACCESO |
| Condiciones de acceso |
Préstamo en biblioteca del libro físico |
| 506 ## - NOTA DE RESTRICCIONES DE ACCESO |
| Condiciones de acceso |
Solicitar clave y usuario para acceder al libro electrónico. |
| 520 ## - NOTA DE RESUMEN, ETC. |
| Nota de sumario, etc. |
El descubrimiento de los primeros siete rollos de'Manuscritos del Mar Muerto'o'Rollos de Qumran'hecho por Jum'a y su primo Mohammed ed-Dhib, dos pastores beduinos de la tribu Ta'amireh, en una cueva a orillas del Mar Muerto en 1947, pusieron en marcha una revolución en la investigación del texto bíblico y en nuestra comprensión de los orígenes del cristianismo, que hoy en día, a comienzos del Siglo XXI, ningún teólogo serio se atreve a cuestionar. Este conjunto de manuscritos judíos, escritos en hebreo y arameo entre los años 150 a.C al 70 d.C., y descubiertos progresivamente a lo largo de los últimos cincuenta años en once cuevas, alcanza ya la cifra de 900. Incluyen los libros del'Tanaj'o A.T. excepto el libro de Ester; los llamados'Deuterocanónicos'; comentarios a cada uno de los libros del A.T.; las reglas, manuales y oraciones de la Comunidad; y otros textos diversos del período intertestamentario, como el'Libro de Enoc','El Testamento de los Doce Patriarcas','El Libro de los Jubileos', etc. Los interrogantes que este descubrimiento plantea, en lo que hace referencia al A.T. como al N.T. son tan fascinantes como importantes. Respecto al Antiguo Testamento: ¿Cómo encajan estos antiguos manuscritos bíblicos con los que ya conocíamos y en los que se basa el texto de nuestras versiones de la Biblia? ¿Nos permiten introducir correcciones a gran escala en los manuscritos masoréticos? ¿Por qué no se ha encontrado entre ellos el libro de Ester? Respecto el Nuevo Testamento: ¿Hasta donde llegan los antecedentes teológicos y los paralelismos entre algunas enseñanzas de esos Manuscritos y las del Nuevo Testamento? ¿Hubo realmente una colaboración entre cristianos y esenios durante un período determinado y luego se separaron? ¿Estuvo Pablo con los esenios de Damasco cuando escribe 'fui a la región de Arabia (o Desierto), de donde luego regresé a Damasco'(Ga. 1:17)? |
| 563 ## - NOTA DE ENCUADERNACIÓN |
| Nota de encuadernación |
Rústico |
| 650 #7 - ASIENTO SECUNDARIO DE MATERIA - TERMINO TEMÁTICO |
| Término temático o nombre geográfico como elemento de entrada |
Comunidad de Qumrán |
| 9 (RLIN) |
80 |
| 650 #0 - ASIENTO SECUNDARIO DE MATERIA - TERMINO TEMÁTICO |
| Término temático o nombre geográfico como elemento de entrada |
Biblia |
| 9 (RLIN) |
16 |
| 653 ## - TÉRMINO DE INDIZACIÓN - NO CONTROLADO |
| Término no controlado |
Comunidad de Qumrán |
| 653 ## - TÉRMINO DE INDIZACIÓN - NO CONTROLADO |
| Término no controlado |
Biblia - Manuscritos - Comunidad Qumrán |
| 856 ## - LOCALIZACIÓN Y ACCESO ELECTRÓNICOS |
| Numero de Acceso |
1681939 |
| Identificador Uniforme del Recurso |
<a href="http://search.ebscohost.com/login.aspx?direct=true&scope=site&db=nlebk&db=nlabk&AN=1681939">http://search.ebscohost.com/login.aspx?direct=true&scope=site&db=nlebk&db=nlabk&AN=1681939</a> |
| Nota dirigida al público |
<a href="Abrir Versión electrónica del libro Los manuscritos del Mar Muerto">Abrir Versión electrónica del libro Los manuscritos del Mar Muerto</a> |
| 942 ## - TIPO DE MATERIAL (KOHA) |
| Tipo de Item KOHA |
Libros General |
| 945 ## - INFORMACIÓN LOCAL DEL REGISTRO |
| Catalogador |
JTF-925 |